[Event "Wch U18"]
[Site "Porto Carras"]
[Date "2018.10.29"]
[Round "10.30"]
[White "Stijve, Theo"]
[Black "Lindbol, Aleksander"]
[Result "1-0"]
[WhiteElo "2345"]
[BlackElo "2166"]
[PlyCount "79"]
[EventDate "2018.10.20"]
[EventType "swiss"]
[EventRounds "11"]
[EventCountry "GRE"]
[SourceTitle "CBM 187 Extra"]
[Source "ChessBase"]
[SourceDate "2018.11.04"]
[SourceVersion "1"]
[SourceVersionDate "2018.11.04"]
[SourceQuality "1"]

1. e4 c5 2. d3 Nc6 3. g3 Nf6 4. Bg2 d5 5. Nd2 e6 6. f4 Be7 7. Ngf3 b5 8. 0-0 0-0 9. c3 Bb7 10. e5 Nd7 11. d4 Qb6 12. Nb1 a5 13. Be3 a4 14. Bf2 Rfc8 15. Na3 b4 16. cxb4 Nxb4 17. f5 exf5 18. Bh3 Qg6 19. Qb1 Qh5 20. Qxf5 Qxf5 21. Bxf5 Rd8 22. e6 fxe6 23. Bxe6+ Kh8 24. Bxd7 Rxd7 25. Ne5 Rc7 26. Nb5 Rcc8 27. Nd6 Rc7 28. Nb5 Rcc8 29. Nd6 Rc7 30. Nxb7 Rxb7 31. dxc5 Bf6 32. Rae1 Kg8 33. a3 Nc2 34. Re2 Rxb2 35. Nd7 Bc3 36. Nb6 Ra6 37. Nxd5 Nd4 38. Re8+ Kf7 39. Re7+ Kg6 40. Nxc3 1-0

[Event "Wch U18"]
[Site "Porto Carras"]
[Date "2018.10.27"]
[Round "8"]
[White "Lindbol, Aleksander"]
[Black "Ioannidis, Evgenios"]
[Result "1/2-1/2"]
[WhiteElo "2166"]
[BlackElo "2407"]
[PlyCount "98"]
[EventDate "2018.10.20"]
[EventType "swiss"]
[EventRounds "11"]
[EventCountry "GRE"]
[SourceTitle "CBM 187 Extra"]
[Source "ChessBase"]
[SourceDate "2018.11.04"]
[SourceVersion "1"]
[SourceVersionDate "2018.11.04"]
[SourceQuality "1"]

1. e4 c5 2. Nf3 d6 3. d4 cxd4 4. Nxd4 Nf6 5. Nc3 a6 6. f3 e6 7. Be3 b5 8. Qd2 Nbd7 9. 0-0-0 Bb7 10. g4 Nb6 11. a3 Be7 12. h4 Rc8 13. h5 h6 14. g5 hxg5 15. Bxg5 Nxh5 16. Bxe7 Qxe7 17. f4 d5 18. exd5 Nxd5 19. Nxd5 Bxd5 20. Nf5 exf5 21. Qxd5 Rd8 22. Qf3 Rxd1+ 23. Qxd1 Rh6 24. Rxh5 Qe3+ 25. Kb1 Rxh5 26. Qxh5 Qe1+ 27. Ka2 Qxf1 28. Qxf5 Qc4+ 29. b3 Qe6 30. Qc5 g6 31. Qd4 Ke7 32. a4 Qc6 33. Qe5+ Kd7 34. Qd4+ Kc8 35. axb5 Qxc2+ 36. Ka3 a5 37. b6 Kb7 38. Qd7+ Kxb6 39. Qxf7 Qe4 40. Qf8 Qc6 41. Qd8+ Ka6 42. Qd4 Qe6 43. Ka4 Qe8+ 44. Ka3 Qc6 45. Qe5 Kb6 46. Qb8+ Kc5 47. Qe5+ Kb6 48. Qb8+ Kc5 49. Qe5+ Kb6 1/2-1/2

[Event "Wch U18"]
[Site "Porto Carras"]
[Date "2018.10.24"]
[Round "6"]
[White "Lindbol, Aleksander"]
[Black "Wang, Shixu B"]
[Result "1/2-1/2"]
[WhiteElo "2166"]
[BlackElo "2330"]
[PlyCount "72"]
[EventDate "2018.10.20"]
[EventType "swiss"]
[EventRounds "11"]
[EventCountry "GRE"]
[SourceTitle "CBM 187 Extra"]
[Source "ChessBase"]
[SourceDate "2018.11.04"]
[SourceVersion "1"]
[SourceVersionDate "2018.11.04"]
[SourceQuality "1"]

1. e4 c5 2. Nf3 d6 3. d4 cxd4 4. Nxd4 Nf6 5. Nc3 a6 6. f3 e5 7. Nb3 Be6 8. Be3 Nbd7 9. g4 b5 10. g5 b4 11. Nd5 Nxd5 12. exd5 Bf5 13. Bd3 Bxd3 14. Qxd3 Be7 15. h4 0-0 16. 0-0-0 Rc8 17. Kb1 a5 18. f4 a4 19. Nd2 f5 20. gxf6 Nxf6 21. fxe5 dxe5 22. Ne4 Nxe4 23. Qxe4 Bd6 24. Rhg1 Qf6 25. Qg4 Kh8 26. Bc1 b3 27. axb3 axb3 28. cxb3 Qf5+ 29. Qxf5 Rxf5 30. Rdf1 Rcf8 31. Rxf5 Rxf5 32. Kc2 Kg8 33. Kd3 Kf7 34. Rg4 Rf3+ 35. Kc4 Rh3 36. Kb5 Be7 1/2-1/2

[Event "Wch U18"]
[Site "Porto Carras"]
[Date "2018.10.21"]
[Round "2"]
[White "Lindbol, Aleksander"]
[Black "Haug, Johannes"]
[Result "0-1"]
[WhiteElo "2166"]
[BlackElo "2391"]
[PlyCount "38"]
[EventDate "2018.10.20"]
[EventType "swiss"]
[EventRounds "11"]
[EventCountry "GRE"]
[SourceTitle "CBM 187 Extra"]
[Source "ChessBase"]
[SourceDate "2018.11.04"]
[SourceVersion "1"]
[SourceVersionDate "2018.11.04"]
[SourceQuality "1"]

1. e4 e6 2. c4 d5 3. exd5 exd5 4. d4 Nf6 5. Nc3 Bb4 6. Nf3 0-0 7. Be2 dxc4 8. Bxc4 Nd5 9. Qb3 Qe7+ 10. Kd1 Nxc3+ 11. bxc3 Bd6 12. Re1 Qd7 13. Ng5 Nc6 14. Qc2 g6 15. Re4 Ne7 16. Rh4 h5 17. Rxh5 Qg4+ 18. Be2 Qxg2 19. Rh7 Qh1+ 0-1

[Event "Oslo op"]
[Site "Oslo"]
[Date "2018.10.04"]
[Round "6"]
[White "Salles, Louis"]
[Black "Lindbol, Aleksander"]
[Result "1-0"]
[WhiteElo "2247"]
[BlackElo "2086"]
[PlyCount "67"]
[EventDate "2018.09.30"]
[EventType "swiss"]
[EventRounds "10"]
[EventCountry "NOR"]
[SourceTitle "EXT 2020"]
[Source "ChessBase"]
[SourceDate "2019.10.17"]
[SourceVersion "1"]
[SourceVersionDate "2019.10.17"]
[SourceQuality "1"]

1. Nf3 d5 2. c4 e6 3. g3 dxc4 4. Qa4+ Nd7 5. Bg2 a6 6. Qxc4 b5 7. Qb3 Bb7 8. 0-0 c5 9. d3 Ngf6 10. Nc3 Be7 11. a4 Bc6 12. axb5 axb5 13. Rxa8 Qxa8 14. Nh4 b4 15. Bxc6 Qxc6 16. Nb1 0-0 17. Ng2 Nb6 18. Nd2 Rc8 19. Ne3 Nfd5 20. Nec4 Nxc4 21. Nxc4 h6 22. Bd2 Bf6 23. Rc1 Nb6 24. Nxb6 Qxb6 25. Be3 Qd6 26. Rc4 Qd5 27. f3 Qe5 28. d4 Qf5 29. Rxc5 Qb1+ 30. Kg2 Rxc5 31. dxc5 Qxb2 32. Qxb2 Bxb2 33. c6 Be5 34. Bf4 1-0

[Event "Oslo op"]
[Site "Oslo"]
[Date "2018.10.02"]
[Round "3"]
[White "Lindbol, Aleksander"]
[Black "Haug, Johannes"]
[Result "0-1"]
[WhiteElo "2086"]
[BlackElo "2376"]
[PlyCount "60"]
[EventDate "2018.09.30"]
[EventType "swiss"]
[EventRounds "10"]
[EventCountry "NOR"]
[SourceTitle "EXT 2020"]
[Source "ChessBase"]
[SourceDate "2019.10.17"]
[SourceVersion "1"]
[SourceVersionDate "2019.10.17"]
[SourceQuality "1"]

1. c4 e6 2. Nf3 d5 3. g3 dxc4 4. Qa4+ Nd7 5. Bg2 a6 6. Qxc4 b5 7. Qc2 Bb7 8. b3 Ngf6 9. Bb2 c5 10. 0-0 Bd6 11. d3 0-0 12. Nbd2 Rc8 13. Rac1 Qe7 14. Qb1 e5 15. Qa1 Rfe8 16. Rfd1 Nb8 17. e3 Nc6 18. Ng5 Bb8 19. Nge4 Nxe4 20. Nxe4 Ba7 21. Ba3 Nd8 22. Re1 f5 23. Nd2 Bxg2 24. Kxg2 Qd7 25. Nf3 Nf7 26. Rcd1 Qb7 27. e4 c4 28. bxc4 bxc4 29. Nh4 cxd3 30. Nxf5 Rc2 0-1

[Event "Oslo op"]
[Site "Oslo"]
[Date "2018.10.01"]
[Round "2"]
[White "Cherniaev, Alexander"]
[Black "Lindbol, Aleksander"]
[Result "1/2-1/2"]
[WhiteElo "2384"]
[BlackElo "2086"]
[PlyCount "92"]
[EventDate "2018.09.30"]
[EventType "swiss"]
[EventRounds "10"]
[EventCountry "NOR"]
[SourceTitle "EXT 2020"]
[Source "ChessBase"]
[SourceDate "2019.10.17"]
[SourceVersion "1"]
[SourceVersionDate "2019.10.17"]
[SourceQuality "1"]

1. d4 Nf6 2. c4 e6 3. g3 d5 4. Nf3 Be7 5. Bg2 0-0 6. 0-0 dxc4 7. Qa4 a6 8. Qxc4 b5 9. Qc2 Bb7 10. Bd2 Be4 11. Qc1 Bb7 12. Bf4 Nd5 13. Rd1 Nd7 14. Nc3 Nxf4 15. Qxf4 Bd6 16. Ne5 Bxg2 17. Kxg2 f6 18. Nc6 Bxf4 19. Nxd8 Rfxd8 20. gxf4 f5 21. Rac1 Nf6 22. e3 Rac8 23. b4 Kf7 24. a3 h6 25. Nb1 Nd5 26. h4 Ke7 27. Nd2 Nb6 28. Kf3 g6 29. Ke2 c6 30. Rg1 Kf6 31. Nf3 Nc4 32. Ne5 Nxe5 33. fxe5+ Kf7 34. Rc2 Rc7 35. Rgc1 Rdc8 36. f3 g5 37. hxg5 hxg5 38. e4 Kg6 39. d5 fxe4 40. fxe4 exd5 41. exd5 Kf5 42. Rxc6 Rxc6 43. Rxc6 Re8 44. e6 Ke5 45. d6 Kxe6 46. Rxa6 Rd8 1/2-1/2